[Event "Speed Chess Super Swiss"]
[Site "Chess.com INT"]
[Date "2021.10.16"]
[Round "8"]
[White "Chernikov, Vladimir"]
[Black "Martynov, Roman"]
[Result "0-1"]
[WhiteElo "2225"]
[BlackElo "2322"]
[PlyCount "87"]
[EventDate "2021.10.16"]
[EventType "swiss (blitz)"]
[EventRounds "15"]
[EventCountry "USA"]
[SourceTitle "CBM 204 Extra"]
[Source "ChessBase"]
[SourceDate "2021.11.30"]
[SourceVersion "1"]
[SourceVersionDate "2021.11.30"]
[SourceQuality "1"]

1. c4 Nf6 2. Nc3 c5 3. g3 e6 4. Bg2 d5 5. cxd5 exd5 6. d4 cxd4 7. Qxd4 Nc6 8. Qd1 d4 9. Ne4 Nxe4 10. Bxe4 Bc5 11. Qc2 Bb6 12. Nf3 h6 13. Bd2 0-0 14. 0-0 Re8 15. Rfd1 Qf6 16. Rac1 Bh3 17. b4 Qe7 18. Bd3 Nxb4 19. Bxb4 Qxb4 20. Rb1 Qe7 21. Rb5 Rad8 22. Bc4 Qf6 23. a4 a6 24. Rd5 Rxd5 25. Bxd5 Qe7 26. Nxd4 Bxd4 27. Rxd4 Qxe2 28. Qxe2 Rxe2 29. Re4 Rxe4 30. Bxe4 b5 31. axb5 axb5 32. f4 Bd7 33. Kf2 Kf8 34. Ke3 Ke7 35. Kd4 Kd6 36. Bd3 f6 37. Bc2 Be6 38. Bd3 Kc6 39. Be4+ Kb6 40. Bc2 b4 41. Bd3 Ka5 42. f5 Bf7 43. g4 Ka4 44. h4 0-1

[Event "Speed Chess Super Swiss"]
[Site "Chess.com INT"]
[Date "2021.10.16"]
[Round "12"]
[White "Martynov, Roman"]
[Black "Amgalantengis, Enkh Amgalan"]
[Result "0-1"]
[WhiteElo "2322"]
[BlackElo "1878"]
[PlyCount "50"]
[EventDate "2021.10.16"]
[EventType "swiss (blitz)"]
[EventRounds "15"]
[EventCountry "USA"]
[SourceTitle "CBM 204 Extra"]
[Source "ChessBase"]
[SourceDate "2021.11.30"]
[SourceVersion "1"]
[SourceVersionDate "2021.11.30"]
[SourceQuality "1"]

1. e4 c6 2. c4 d5 3. cxd5 cxd5 4. exd5 Qxd5 5. Nc3 Qd8 6. d4 Nf6 7. Nf3 e6 8. Bc4 Be7 9. 0-0 Nbd7 10. Bb3 Nb6 11. Ne5 0-0 12. Re1 Nbd5 13. Qf3 a6 14. Bg5 h6 15. Bd2 Re8 16. Rad1 Bf8 17. Qh3 Bd7 18. Nxd5 exd5 19. Nxd7 Rxe1+ 20. Rxe1 Nxd7 21. Bxd5 Nf6 22. Bxb7 Rb8 23. Bxa6 Rxb2 24. Be3 Rxa2 25. Qc8 Qa5 0-1

[Event "Speed Chess Super Swiss"]
[Site "Chess.com INT"]
[Date "2021.10.16"]
[Round "1"]
[White "Martynov, Roman"]
[Black "Khanin, Semen"]
[Result "1-0"]
[WhiteElo "2322"]
[BlackElo "2521"]
[PlyCount "63"]
[EventDate "2021.10.16"]
[EventType "swiss (blitz)"]
[EventRounds "15"]
[EventCountry "USA"]
[SourceTitle "CBM 204 Extra"]
[Source "ChessBase"]
[SourceDate "2021.11.30"]
[SourceVersion "1"]
[SourceVersionDate "2021.11.30"]
[SourceQuality "1"]

1. e4 c5 2. a3 Nc6 3. b4 e5 4. b5 Nd4 5. c3 Ne6 6. Bc4 Nf6 7. d3 d5 8. exd5 Nxd5 9. Nf3 f6 10. 0-0 Be7 11. Re1 Nec7 12. a4 Be6 13. Qb3 Qd7 14. d4 0-0-0 15. dxe5 f5 16. a5 a6 17. bxa6 Nxa6 18. Bg5 h6 19. Bxe7 Qxe7 20. Na3 g5 21. Rab1 Nf4 22. g3 Bxc4 23. Nxc4 Nd3 24. Red1 g4 25. Nd6+ Rxd6 26. exd6 Qe4 27. Rxd3 gxf3 28. d7+ Kd8 29. Qb6+ Nc7 30. Qf6+ Qe7 31. Qxh8+ Ne8 32. dxe8Q+ 1-0

[Event "Speed Chess Super Swiss"]
[Site "Chess.com INT"]
[Date "2021.10.16"]
[Round "15"]
[White "Martynov, Roman"]
[Black "Mikhailovsky, Vladimir"]
[Result "0-1"]
[WhiteElo "2322"]
[BlackElo "2184"]
[PlyCount "82"]
[EventDate "2021.10.16"]
[EventType "swiss (blitz)"]
[EventRounds "15"]
[EventCountry "USA"]
[SourceTitle "CBM 204 Extra"]
[Source "ChessBase"]
[SourceDate "2021.11.30"]
[SourceVersion "1"]
[SourceVersionDate "2021.11.30"]
[SourceQuality "1"]

1. e4 g6 2. d4 Bg7 3. Nc3 a6 4. a4 d6 5. h3 Nc6 6. Nf3 e5 7. dxe5 Nxe5 8. Nxe5 Bxe5 9. Bd3 Ne7 10. Bh6 Nc6 11. 0-0 g5 12. Qh5 Rg8 13. Nd5 g4 14. h4 Be6 15. Bg5 Qd7 16. Nf6+ Bxf6 17. Bxf6 Ne7 18. Qxh7 0-0-0 19. g3 Rde8 20. Bxe7 Qxe7 21. Qh6 Rh8 22. Qf4 Rh5 23. Rfe1 Reh8 24. Kg2 R5h6 25. e5 dxe5 26. Rxe5 Qd6 27. Rae1 Bd5+ 28. Be4 Be6 29. Bf5 Kb8 30. Bxe6 fxe6 31. R5e4 Qc6 32. Kg1 R6h7 33. Rxe6 Qxc2 34. Re8+ Ka7 35. Qe3+ c5 36. Rxh8 Rxh8 37. b4 Qxa4 38. Qxc5+ Ka8 39. Re7 Rd8 40. Re1 Qa2 41. Qd4 Rxd4 0-1

[Event "Speed Chess Super Swiss"]
[Site "Chess.com INT"]
[Date "2021.10.16"]
[Round "2"]
[White "Samadov, Read"]
[Black "Martynov, Roman"]
[Result "1-0"]
[WhiteElo "2375"]
[BlackElo "2322"]
[PlyCount "125"]
[EventDate "2021.10.16"]
[EventType "swiss (blitz)"]
[EventRounds "15"]
[EventCountry "USA"]
[SourceTitle "CBM 204 Extra"]
[Source "ChessBase"]
[SourceDate "2021.11.30"]
[SourceVersion "1"]
[SourceVersionDate "2021.11.30"]
[SourceQuality "1"]

1. d4 Nf6 2. c4 e6 3. Nf3 b6 4. a3 Bb7 5. Nc3 Ne4 6. Nxe4 Bxe4 7. e3 d6 8. Bd3 Bxd3 9. Qxd3 c6 10. 0-0 Be7 11. e4 Nd7 12. b3 Qc7 13. Bb2 0-0 14. Rfe1 a6 15. Rad1 Qb7 16. h3 Rac8 17. Bc3 Rfe8 18. b4 Red8 19. d5 e5 20. Rc1 b5 21. dxc6 Rxc6 22. cxb5 axb5 23. Bd2 Rdc8 24. Rxc6 Rxc6 25. Be3 h6 26. Nd2 Nf6 27. Nb3 Rc8 28. f3 d5 29. Na5 Qd7 30. exd5 Qxd5 31. Qxd5 Nxd5 32. Bf2 f6 33. Rd1 Nf4 34. Rd7 Bf8 35. Be3 Ne6 36. Rd3 Rc2 37. Nb3 h5 38. Nd2 h4 39. Kf1 Ra2 40. Ke2 Kf7 41. Kd1 g6 42. Ke1 f5 43. Kf1 Be7 44. Rd5 Rxa3 45. Ke2 Bxb4 46. Rxe5 Ra2 47. Rxb5 Bxd2 48. Rb7+ Kf6 49. Bxd2 Nf4+ 50. Ke3 Nxg2+ 51. Kd3 Ra3+ 52. Ke2 Ra2 53. Rb6+ Kf7 54. Kd3 Ra3+ 55. Ke2 Ra2 56. Rc6 Nf4+ 57. Ke3 Ne6 58. Bc3 Ra3 59. Rc4 g5 60. f4 Nxf4 61. Kd4 Ne6+ 62. Ke5 Rb3 63. Rc7+ 1-0

[Event "EU-ch blitz"]
[Site "Tallinn"]
[Date "2019.12.07"]
[Round "4"]
[White "Martynov, Roman"]
[Black "Lintchevski, Daniil"]
[Result "1-0"]
[WhiteElo "2196"]
[BlackElo "2553"]
[PlyCount "68"]
[EventDate "2019.12.07"]
[EventType "swiss (blitz)"]
[EventRounds "22"]
[EventCountry "EST"]
[SourceTitle "CBM 193 Extra"]
[Source "ChessBase"]
[SourceDate "2020.01.31"]
[SourceVersion "1"]
[SourceVersionDate "2020.01.31"]
[SourceQuality "1"]

1. d4 d5 2. c4 dxc4 3. e3 e5 4. Bxc4 exd4 5. exd4 Bd6 6. Nf3 Nf6 7. 0-0 0-0 8. Bg5 Nc6 9. Nc3 Bg4 10. Re1 a6 11. Qd3 Nb4 12. Qd2 Bxf3 13. gxf3 c6 14. Ne4 Kh8 15. Nxd6 Qxd6 16. Bf4 Qd7 17. Qxb4 Qxd4 18. Be5 Qh4 19. Bg3 Qg5 20. Qxb7 h5 21. h4 Qc5 22. Rac1 Qd4 23. Bxf7 Ra7 24. Qxc6 Raxf7 25. Qxa6 Qxb2 26. a4 Qa3 27. Qc6 Qb4 28. Ra1 Qa5 29. Re5 Qa8 30. Qxa8 Rxa8 31. a5 Rfa7 32. Rb5 Ra6 33. Rb8+ Rxb8 34. Bxb8 Nd7 1-0

[Event "EU-ch rapid"]
[Site "Tallinn"]
[Date "2019.12.05"]
[Round "6"]
[White "Martynov, Roman"]
[Black "Potapov, Pavel"]
[Result "0-1"]
[WhiteElo "2269"]
[BlackElo "2482"]
[PlyCount "80"]
[EventDate "2019.12.05"]
[EventType "swiss"]
[EventRounds "13"]
[EventCountry "EST"]
[SourceTitle "CBM 193 Extra"]
[Source "ChessBase"]
[SourceDate "2020.01.31"]
[SourceVersion "1"]
[SourceVersionDate "2020.01.31"]
[SourceQuality "1"]

1. d4 f5 2. Nf3 Nf6 3. g3 g6 4. Bg2 Bg7 5. 0-0 0-0 6. b3 Ne4 7. Bb2 d6 8. Nbd2 Nc6 9. Ne1 Ng5 10. Nc4 f4 11. Nf3 Nxf3+ 12. Bxf3 Bh3 13. Re1 d5 14. Ne5 Nxe5 15. dxe5 e6 16. e3 fxg3 17. hxg3 Qg5 18. Bg2 Bxg2 19. Kxg2 Qf5 20. f4 Qe4+ 21. Kg1 Rad8 22. Qe2 c5 23. Rad1 h5 24. c4 dxc4 25. bxc4 b6 26. Rd6 Rxd6 27. exd6 Bxb2 28. Qxb2 Kf7 29. Qe5 Qxe5 30. fxe5 Ke8 31. Rf1 Rxf1+ 32. Kxf1 g5 33. a4 Kd7 34. Kg2 a5 35. Kf3 b5 36. cxb5 c4 37. Ke4 h4 38. gxh4 gxh4 39. Kd4 h3 40. Kc5 h2 0-1

[Event "Batumi Municipality Cup"]
[Site "Batumi"]
[Date "2018.07.08"]
[Round "7"]
[White "Martynov, Roman"]
[Black "Eynullayev, Altay Elshan"]
[Result "1-0"]
[WhiteElo "2366"]
[BlackElo "2134"]
[PlyCount "89"]
[EventDate "2018.07.02"]
[EventType "swiss"]
[EventRounds "9"]
[EventCountry "GEO"]
[SourceTitle "CBM 185 Extra"]
[Source "ChessBase"]
[SourceDate "2018.07.29"]
[SourceVersion "1"]
[SourceVersionDate "2018.07.29"]
[SourceQuality "1"]

1. d4 Nf6 2. Nf3 e6 3. c4 c5 4. d5 exd5 5. cxd5 d6 6. Nc3 g6 7. Bf4 a6 8. a4 Bg7 9. h3 Qe7 10. e3 0-0 11. Be2 Nbd7 12. 0-0 Ne8 13. Re1 Rb8 14. Nd2 Ne5 15. Ra3 Nc7 16. Rb3 Bd7 17. a5 f5 18. Bh2 Kh8 19. f4 Nf7 20. Bc4 Rfe8 21. Bg3 Qd8 22. Qb1 Na8 23. Qa1 Nc7 24. Bd3 Rf8 25. Nf3 Qc8 26. Bc4 Ne8 27. e4 fxe4 28. Nxe4 Nh6 29. Nh4 Qd8 30. Rb6 Nf5 31. Nxf5 Bxf5 32. Ng5 Nf6 33. Ne6 Bxe6 34. Rxe6 Nh5 35. Rexd6 Qe7 36. Re6 Qf7 37. Bh2 Nxf4 38. Qf1 Rbd8 39. Bxf4 Qxf4 40. Qxf4 Rxf4 41. b3 Bd4+ 42. Kh1 Rf7 43. d6 Bc3 44. Re7 Bxa5 45. Rbxb7 1-0

[Event "Batumi Municipality Cup"]
[Site "Batumi"]
[Date "2018.07.05"]
[Round "4"]
[White "Sanikidze, Tornike"]
[Black "Martynov, Roman"]
[Result "1-0"]
[WhiteElo "2512"]
[BlackElo "2366"]
[PlyCount "75"]
[EventDate "2018.07.02"]
[EventType "swiss"]
[EventRounds "9"]
[EventCountry "GEO"]
[SourceTitle "CBM 185 Extra"]
[Source "ChessBase"]
[SourceDate "2018.07.29"]
[SourceVersion "1"]
[SourceVersionDate "2018.07.29"]
[SourceQuality "1"]

1. d4 Nf6 2. c4 e6 3. Nf3 b6 4. a3 Bb7 5. Nc3 Ne4 6. Nxe4 Bxe4 7. Bf4 d6 8. e3 Be7 9. Bd3 Bxd3 10. Qxd3 a5 11. b3 Nd7 12. 0-0 0-0 13. e4 Qc8 14. Be3 Qb7 15. Nd2 d5 16. cxd5 exd5 17. e5 c5 18. f4 cxd4 19. Bxd4 f5 20. Qb5 Rfc8 21. b4 Qc6 22. Qd3 Qc2 23. Qf3 Qc6 24. Rac1 Qe6 25. Qb3 axb4 26. axb4 b5 27. Rxc8+ Rxc8 28. Ra1 Qc6 29. h3 Nb6 30. Ra6 Qc1+ 31. Nf1 Nc4 32. Qf3 Rd8 33. Ra1 Qc2 34. Ra7 Qe4 35. Rxe7 Qxd4+ 36. Kh2 Qe4 37. Qg3 g6 38. Qh4 1-0

[Event "EU-ch 19th"]
[Site "Batumi"]
[Date "2018.03.26"]
[Round "9"]
[White "Martynov, Roman"]
[Black "Gadimbayli, Abdulla Azar"]
[Result "1-0"]
[WhiteElo "2319"]
[BlackElo "2416"]
[PlyCount "77"]
[EventDate "2018.03.17"]
[EventType "swiss"]
[EventRounds "11"]
[EventCountry "GEO"]
[SourceTitle "CBM 184"]
[Source "ChessBase"]
[SourceDate "2018.05.16"]
[SourceVersion "1"]
[SourceVersionDate "2018.05.16"]
[SourceQuality "1"]

1. d4 e6 2. Nf3 Nf6 3. c4 b6 4. g3 Bb7 5. Bg2 Be7 6. Nc3 0-0 7. Qc2 d5 8. cxd5 Nxd5 9. Nxd5 Bxd5 10. 0-0 Nc6 11. e4 Nb4 12. Qb1 Bc4 13. Rd1 Be2 14. Rd2 Bxf3 15. Bxf3 Rc8 16. d5 Bg5 17. Rd1 exd5 18. a3 Bxc1 19. Qxc1 Na6 20. exd5 Nc5 21. Qc2 Qf6 22. Bg2 Qd6 23. b4 Nd7 24. Rac1 g6 25. Qa4 a5 26. bxa5 Ne5 27. axb6 Qxb6 28. Qd4 Qd6 29. Re1 Nd7 30. Qb4 Ra8 31. Rc6 Qxb4 32. axb4 Rad8 33. Rxc7 Nf6 34. Rd1 Rfe8 35. d6 Kg7 36. d7 Re5 37. Bc6 Kf8 38. b5 Ne4 39. Re1 1-0

[Event "EU-ch 19th"]
[Site "Batumi"]
[Date "2018.03.24"]
[Round "7"]
[White "Martynov, Roman"]
[Black "Fernandez, Daniel Howard"]
[Result "1/2-1/2"]
[WhiteElo "2319"]
[BlackElo "2505"]
[PlyCount "104"]
[EventDate "2018.03.17"]
[EventType "swiss"]
[EventRounds "11"]
[EventCountry "GEO"]
[SourceTitle "CBM 184"]
[Source "ChessBase"]
[SourceDate "2018.05.16"]
[SourceVersion "1"]
[SourceVersionDate "2018.05.16"]
[SourceQuality "1"]

1. d4 Nf6 2. Nf3 e6 3. c4 Bb4+ 4. Bd2 c5 5. Bxb4 cxb4 6. a3 bxa3 7. Rxa3 d6 8. b4 a5 9. b5 b6 10. e3 Bb7 11. Be2 Nbd7 12. 0-0 Rc8 13. Nfd2 Ne4 14. Nxe4 Bxe4 15. Nd2 Bb7 16. f4 0-0 17. e4 e5 18. Qa1 exd4 19. Qxd4 Qf6 20. e5 Qe6 21. Re3 dxe5 22. fxe5 Rcd8 23. Nf3 Nc5 24. Qh4 Qg6 25. Ne1 f5 26. exf6 Rxf6 27. Rxf6 Qxf6 28. Qxf6 gxf6 29. Nd3 Ne4 30. Nf2 f5 31. Nxe4 Bxe4 32. Kf2 Kf7 33. g4 Kf6 34. gxf5 Kxf5 35. Rc3 Rc8 36. Ke3 Ke5 37. Rc1 a4 38. Ra1 Ra8 39. Ra3 Bc2 40. Kd2 Bb3 41. Kc3 Rf8 42. Bd3 Rf3 43. Ra1 Rh3 44. Re1+ Kd6 45. Re2 Rf3 46. Rg2 Rh3 47. Rg7 a3 48. Rb7 Ba2 49. Kd4 Rh4+ 50. Kc3 Rh3 51. Kd4 Rh4+ 52. Kc3 Ke5 1/2-1/2

[Event "UKR-ch blitz"]
[Site "Omelnyk"]
[Date "2017.10.14"]
[Round "2"]
[White "Martynov, Roman"]
[Black "Bogdanovich, Stanislav"]
[Result "0-1"]
[WhiteElo "2319"]
[BlackElo "2593"]
[PlyCount "88"]
[EventDate "2017.10.14"]
[EventType "swiss (blitz)"]
[EventRounds "9"]
[EventCountry "UKR"]
[SourceTitle "CBM 181 Extra"]
[Source "ChessBase"]
[SourceDate "2017.12.12"]
[SourceVersion "1"]
[SourceVersionDate "2017.12.12"]
[SourceQuality "1"]

1. d4 d5 2. c4 dxc4 3. e3 Be6 4. Qc2 c5 5. dxc5 Qa5+ 6. Nd2 Qxc5 7. Bxc4 Nc6 8. Ngf3 Rc8 9. Bb3 Qxc2 10. Bxc2 Nf6 11. Ba4 Bd7 12. 0-0 g6 13. b3 a6 14. Bxc6 Bxc6 15. Bb2 Bg7 16. Rac1 0-0 17. Rfd1 Rfd8 18. Nc4 Rxd1+ 19. Rxd1 Ne4 20. Bxg7 Kxg7 21. Nd4 Nc3 22. Rd2 Bb5 23. Ne5 Nxa2 24. g4 Nc3 25. Nxb5 Nxb5 26. Nc4 Rc7 27. Kg2 Nc3 28. Kf3 e6 29. h4 Nd5 30. Rd4 b5 31. Ne5 Rc3 32. Rd3 a5 33. e4 Rxd3+ 34. Nxd3 Nb6 35. Ke3 a4 36. bxa4 bxa4 37. g5 a3 38. Nb4 Kf8 39. Kd4 Ke7 40. f4 Kd6 41. e5+ Kd7 42. Kc3 Nd5+ 43. Nxd5 exd5 44. Kb3 Ke6 0-1

[Event "EU-ch 18th"]
[Site "Minsk"]
[Date "2017.05.30"]
[Round "1"]
[White "Mchedlishvili, Mikheil"]
[Black "Martynov, Roman"]
[Result "1-0"]
[WhiteElo "2605"]
[BlackElo "2323"]
[PlyCount "81"]
[EventDate "2017.05.30"]
[EventType "swiss"]
[EventRounds "11"]
[EventCountry "BLR"]
[SourceTitle "CBM 179"]
[Source "ChessBase"]
[SourceDate "2017.07.12"]
[SourceVersion "1"]
[SourceVersionDate "2017.07.12"]
[SourceQuality "1"]

1. e4 c6 2. d4 d5 3. e5 Bf5 4. Nf3 e6 5. Be2 Ne7 6. 0-0 Nd7 7. Nh4 Bg6 8. Nd2 c5 9. c3 a6 10. Nxg6 hxg6 11. Nf3 cxd4 12. cxd4 Nf5 13. g3 Be7 14. h4 Nb8 15. Kg2 Nc6 16. b3 Qb6 17. Bb2 Rc8 18. Rc1 0-0 19. Qd2 Na7 20. Bd3 Rxc1 21. Rxc1 Rc8 22. Rh1 Bb4 23. Qf4 Bc3 24. Bc1 Nc6 25. Bxf5 gxf5 26. h5 Bb4 27. g4 Ne7 28. h6 Ng6 29. Qg3 Bf8 30. gxf5 exf5 31. Qh2 f4 32. hxg7 Bxg7 33. Qh7+ Kf8 34. Ba3+ Ke8 35. Qxg7 Qe6 36. Qf6 Qg4+ 37. Kf1 Rc1+ 38. Bxc1 Qxf3 39. Rh7 Qd1+ 40. Kg2 Qg4+ 41. Kh2 1-0

[Event "Budapest Spring op"]
[Site "Budapest"]
[Date "2017.03.26"]
[Round "9"]
[White "Martynov, Roman"]
[Black "Gajek, Radoslaw"]
[Result "1-0"]
[WhiteElo "2288"]
[BlackElo "2455"]
[PlyCount "75"]
[EventDate "2017.03.18"]
[EventType "swiss"]
[EventRounds "9"]
[EventCountry "HUN"]
[SourceTitle "CBM 177 Extra"]
[Source "ChessBase"]
[SourceDate "2017.04.27"]
[SourceVersion "1"]
[SourceVersionDate "2017.04.27"]
[SourceQuality "1"]

1. d4 g6 2. Nf3 Bg7 3. g3 c5 4. d5 d6 5. c4 b5 6. cxb5 a6 7. bxa6 Bxa6 8. Nc3 Nf6 9. Bg2 Nbd7 10. Rb1 0-0 11. 0-0 Qa5 12. Bd2 Ng4 13. Qc2 Rfb8 14. a4 Rb7 15. b3 Rab8 16. h3 Nge5 17. Nxe5 Nxe5 18. Na2 Qd8 19. Bc3 Nd7 20. Bxg7 Kxg7 21. b4 cxb4 22. Nxb4 Bxe2 23. Nc6 Rxb1 24. Nxd8 Bxf1 25. Bxf1 Ne5 26. Kg2 R8b3 27. Bc4 R3b2 28. Qc3 Rb4 29. Ba2 R1b2 30. Nc6 Rb7 31. Bc4 f6 32. a5 Nxc4 33. Qxc4 Rd2 34. Qe4 Ra2 35. h4 Kf8 36. g4 Rbb2 37. Qxe7+ Kg8 38. Qxf6 1-0

[Event "Budapest Spring op"]
[Site "Budapest"]
[Date "2017.03.18"]
[Round "1"]
[White "Martynov, Roman"]
[Black "Can, Emre"]
[Result "0-1"]
[WhiteElo "2288"]
[BlackElo "2561"]
[PlyCount "128"]
[EventDate "2017.03.18"]
[EventType "swiss"]
[EventRounds "9"]
[EventCountry "HUN"]
[SourceTitle "CBM 177 Extra"]
[Source "ChessBase"]
[SourceDate "2017.04.27"]
[SourceVersion "1"]
[SourceVersionDate "2017.04.27"]
[SourceQuality "1"]

1. d4 d6 2. Nf3 g6 3. g3 Bg7 4. c4 Nf6 5. Bg2 0-0 6. Nc3 Nc6 7. 0-0 e5 8. d5 Nb8 9. e4 a5 10. h3 Na6 11. Be3 Nd7 12. Kh2 Nac5 13. Nd2 f5 14. exf5 gxf5 15. f4 e4 16. Qc2 Nd3 17. Rab1 N7c5 18. Nb3 Nxb3 19. axb3 Kh8 20. Rg1 Bd7 21. Bf1 Nc5 22. Be2 Qe7 23. Ra1 Rg8 24. Ra3 Bf6 25. Nd1 b6 26. Bd2 Raf8 27. Ne3 Rg6 28. b4 axb4 29. Bxb4 Qg7 30. Bc3 Bxc3 31. Qxc3 Qxc3 32. bxc3 Kg7 33. Ra7 Rc8 34. g4 h6 35. Kg3 Kf6 36. Kf2 Rgg8 37. Rd1 Ke7 38. gxf5 Kf6 39. Ng4+ Kxf5 40. Ke3 Rg6 41. Rg1 h5 42. Rg2 hxg4 43. hxg4+ Kf6 44. g5+ Ke7 45. Rh2 Rg7 46. Rh6 Bf5 47. Rf6 Rf7 48. Rh6 Nd7 49. Bh5 Rg7 50. Kd4 Rgg8 51. Be2 Kf7 52. Bd1 Kg7 53. Bc2 Rge8 54. Bb1 Re7 55. Bc2 Ree8 56. Bb1 Bg6 57. Bc2 Nc5 58. Ke3 Rh8 59. Bd1 Bf5 60. Rf6 Rh3+ 61. Kf2 Nd3+ 62. Kg1 Bd7 63. Kg2 e3 64. f5 Nf4+ 0-1

[Event "Moscow op-A 13th"]
[Site "Moscow"]
[Date "2017.02.04"]
[Round "8"]
[White "Nikonov, Alexej"]
[Black "Martynov, Roman"]
[Result "0-1"]
[WhiteElo "2155"]
[BlackElo "2310"]
[PlyCount "66"]
[EventDate "2017.01.28"]
[EventType "swiss"]
[EventRounds "9"]
[EventCountry "RUS"]
[SourceTitle "EXT 2018"]
[Source "ChessBase"]
[SourceDate "2017.10.13"]
[SourceVersion "1"]
[SourceVersionDate "2017.10.13"]
[SourceQuality "1"]

1. d4 Nf6 2. Nf3 e6 3. Bf4 c5 4. c3 b6 5. e3 Bb7 6. Be2 Be7 7. h3 0-0 8. 0-0 d5 9. Nbd2 Nbd7 10. Bh2 Rc8 11. Ne5 Nxe5 12. Bxe5 Qd7 13. Qc2 Rfd8 14. Rad1 Qe8 15. Qb1 a6 16. Bxf6 Bxf6 17. f4 Be7 18. Bd3 g6 19. Nf3 b5 20. g4 Rb8 21. Rd2 Bc6 22. g5 b4 23. cxb4 Rxb4 24. Qc1 Bb5 25. dxc5 Rc8 26. Bxb5 axb5 27. b3 Bxc5 28. Qe1 Rxf4 29. Kg2 Re4 30. Re2 Qe7 31. h4 Qa7 32. Nh2 Bxe3 33. Rf3 Rc1 0-1

[Event "Moscow op-A 13th"]
[Site "Moscow"]
[Date "2017.01.30"]
[Round "3"]
[White "Martynov, Roman"]
[Black "Bujakevich, Aleksandr"]
[Result "1-0"]
[WhiteElo "2310"]
[BlackElo "2134"]
[PlyCount "79"]
[EventDate "2017.01.28"]
[EventType "swiss"]
[EventRounds "9"]
[EventCountry "RUS"]
[SourceTitle "EXT 2018"]
[Source "ChessBase"]
[SourceDate "2017.10.13"]
[SourceVersion "1"]
[SourceVersionDate "2017.10.13"]
[SourceQuality "1"]

1. d4 Nf6 2. c4 e6 3. g3 d5 4. Nf3 Be7 5. Bg2 0-0 6. 0-0 c6 7. Nbd2 b6 8. Qc2 Bb7 9. e4 Na6 10. a3 c5 11. cxd5 exd5 12. e5 Nd7 13. Re1 Nc7 14. Nf1 c4 15. h4 Re8 16. Ne3 b5 17. Nf5 Ne6 18. Bg5 Nxg5 19. Nxg5 Nf8 20. f4 Qb6 21. Rad1 Rad8 22. Kh1 f6 23. Nf3 g6 24. Nxe7+ Rxe7 25. exf6 Qxf6 26. Rxe7 Qxe7 27. Re1 Qf6 28. Qd2 Bc8 29. Re5 Bf5 30. Qa5 Be4 31. Qxb5 Nd7 32. Rxd5 Bxd5 33. Qxd5+ Kg7 34. Qxc4 Nb6 35. Qd3 Qd6 36. Qa6 Nc8 37. Qb7+ Qd7 38. Qb3 Qd5 39. Qe3 h6 40. Ng5 1-0

[Event "Moscow op-A 13th"]
[Site "Moscow"]
[Date "2017.01.29"]
[Round "2"]
[White "Navrodsky, Boris"]
[Black "Martynov, Roman"]
[Result "1-0"]
[WhiteElo "2153"]
[BlackElo "2310"]
[PlyCount "79"]
[EventDate "2017.01.28"]
[EventType "swiss"]
[EventRounds "9"]
[EventCountry "RUS"]
[SourceTitle "EXT 2018"]
[Source "ChessBase"]
[SourceDate "2017.10.13"]
[SourceVersion "1"]
[SourceVersionDate "2017.10.13"]
[SourceQuality "1"]

1. d4 d5 2. c4 e6 3. Nc3 c6 4. e4 dxe4 5. Nxe4 Bb4+ 6. Bd2 Qxd4 7. Bxb4 Qxe4+ 8. Be2 Na6 9. Ba5 f6 10. Qd8+ Kf7 11. Rd1 e5 12. Nf3 b6 13. Bc3 Nc5 14. Bb4 Ne7 15. Qxh8 Bb7 16. Qxa8 Bxa8 17. Bxc5 bxc5 18. Rd2 Qb1+ 19. Bd1 Qxa2 20. 0-0 Qa5 21. Bc2 g6 22. g4 Qc7 23. Re1 g5 24. Bxh7 Qc8 25. h3 Qh8 26. Bc2 Qxh3 27. Nh2 Bb7 28. Re3 Qh8 29. Kg2 Bc8 30. Rh3 Qg8 31. Rh7+ Ke8 32. b3 Be6 33. Rd6 Bf5 34. Bxf5 Nxf5 35. Rdd7 Nh4+ 36. Kg1 Qg6 37. Rxa7 Qb1+ 38. Nf1 Nf3+ 39. Kg2 Nh4+ 40. Kh2 1-0

[Event "Moscow op-A 13th"]
[Site "Moscow"]
[Date "2017.01.28"]
[Round "1"]
[White "Martynov, Roman"]
[Black "Khismatullin, Denis Rimovich"]
[Result "0-1"]
[WhiteElo "2310"]
[BlackElo "2639"]
[PlyCount "73"]
[EventDate "2017.01.28"]
[EventType "swiss"]
[EventRounds "9"]
[EventCountry "RUS"]
[SourceTitle "CBM 176 Extra"]
[Source "ChessBase"]
[SourceDate "2017.03.02"]
[SourceVersion "1"]
[SourceVersionDate "2017.03.02"]
[SourceQuality "1"]

1. d4 e6 2. c4 b6 3. Nf3 Bb7 4. g3 Bb4+ 5. Bd2 Bxf3 6. exf3 Bxd2+ 7. Qxd2 d5 8. cxd5 exd5 9. Nc3 Ne7 10. 0-0-0 Nbc6 11. f4 0-0 12. g4 f5 13. g5 Qd6 14. h4 Nd8 15. Re1 Ne6 16. Re5 Rae8 17. h5 c6 18. Bg2 Nc7 19. Rhe1 Qd7 20. Kb1 Nc8 21. Qd3 Nd6 22. Bh3 Qf7 23. h6 g6 24. b3 Re6 25. f3 Rfe8 26. Rc1 Qd7 27. Nd1 Nf7 28. Rxe6 Nxe6 29. Bxf5 gxf5 30. Qxf5 Nd6 31. Qg4 Rf8 32. Ne3 Rxf4 33. Qh3 Qe8 34. Ng4 Nxg5 35. Qg3 Qg6+ 36. Ka1 Rxf3 37. Qg2 0-1

[Event "Chigorin Memorial 24th"]
[Site "St Petersburg"]
[Date "2016.10.16"]
[Round "2"]
[White "Pridorozhni, Aleksei"]
[Black "Martynov, Roman"]
[Result "1/2-1/2"]
[WhiteElo "2579"]
[BlackElo "2307"]
[PlyCount "114"]
[EventDate "2016.10.15"]
[EventType "swiss"]
[EventRounds "9"]
[EventCountry "RUS"]
[SourceTitle "CBM 175 Extra"]
[Source "ChessBase"]
[SourceDate "2016.12.12"]
[SourceVersion "1"]
[SourceVersionDate "2016.12.12"]
[SourceQuality "1"]

1. c4 Nf6 2. Nc3 c5 3. Nf3 b6 4. e4 d6 5. d4 cxd4 6. Nxd4 Bb7 7. f3 e6 8. Be2 Be7 9. 0-0 0-0 10. Be3 a6 11. a4 Nc6 12. Qd2 Qc7 13. Nxc6 Bxc6 14. Rfc1 Qb7 15. Bf1 a5 16. Rd1 Rfd8 17. Bd4 Nd7 18. Nd5 Bf8 19. Qg5 h6 20. Qg3 Nc5 21. Nf6+ Kh8 22. Nh5 e5 23. Bxc5 bxc5 24. Qe1 Rdb8 25. Ng3 Qd7 26. Rd2 Bxa4 27. Ne2 Rb4 28. Nc3 Bc6 29. Qd1 Be7 30. b3 Qc7 31. Nb5 Bxb5 32. cxb5 Bg5 33. Rxd6 Rd4 34. Rxd4 Be3+ 35. Kh1 Bxd4 36. Ra2 Ra7 37. Bc4 Qb6 38. g3 Qf6 39. Kg2 Qb6 40. Qf1 g6 41. Bd5 Kg7 42. Bc6 h5 43. f4 exf4 44. gxf4 f6 45. Qf3 c4 46. bxc4 a4 47. f5 Qc5 48. Bd5 Qb4 49. fxg6 Qb1 50. c5 Bxc5 51. Qxh5 Qg1+ 52. Kh3 Qe3+ 53. Kg4 Qg1+ 54. Kf4 Qc1+ 55. Kg3 Qe1+ 56. Kh3 Qe3+ 57. Kh4 Qe1+ 1/2-1/2